00524nam a22001697a 450000500170000001000150001702000260003203500140005803700130007208200150008510000190010024500560011926000460017527000690022130000250029050000390031520180831113405.0 aENG-123942 a9780199481699c995.00 aEN-107474 bDBAD/PUB a345.540231 aSingh, Anushka aSedition in liberal democracies /cby Anushka Singh c2018aNew Delhi bOxford University Press a2/11, Ground Floor, Ansari Road, Daryaganj, bNew Delhi e110002 c22cm(Hb)axii,391p.  aIt includes bibliography and index